| 000 | 00825nam a2200265 i 4500 | ||
|---|---|---|---|
| 999 |
_c1979 _d1979 |
||
| 001 | 4098147 | ||
| 003 | OSt | ||
| 005 | 20191118115904.0 | ||
| 008 | 770314s1975 ilua b 001 0 eng | ||
| 010 | _a 74078163 | ||
| 020 | _a0574191550 | ||
| 040 |
_aDLC _cDLC _dDLC |
||
| 050 | 0 | 0 |
_aQA297 _b.P56 |
| 082 | 0 | 0 |
_a515 _bPIZ 1997 |
| 100 | 1 |
_aPizer, Stephen M. _95193 |
|
| 245 | 1 | 0 | _aNumerical Computing and Mathematical Analysis |
| 260 |
_aChicago : _bScience Research Associates, _c1975. |
||
| 300 |
_axxvii, 529 p. : _bill. ; _c25 cm. |
||
| 490 | 0 | _aComputer science series | |
| 504 | _aIncludes bibliographies and index. | ||
| 650 | 0 |
_aNumerical analysis _xData processing. _95194 |
|
| 650 | 0 |
_aMathematical analysis _xData processing. _95195 |
|
| 906 |
_a7 _bcbc _corignew _d2 _eopcn _f19 _gy-gencatlg |
||
| 942 |
_2ddc _cSLOAN |
||